00000000nam##2200000za#4500
0019.527143
003CaOODSP
00520200327085801
007ta
008150406|1996||||xxc|||||     f|0| 0 fre|d
020 |a0-662-62355-X
040 |aCaOODSP|bfre
041 |aeng
041 |afre
043 |an-cn---
0861 |aC21-25/3-1996
1101 |aCanada.|bIndustrie Canada. |bDirection de l'analyse micro-économique.
24513|aLa régie des sociétés au Canada et les choix sur le plan des politiques / |cpar Ronald J. Daniels et Randall Morck.
260 |aOttawa - Ontario : |bIndustrie Canada. |c1996.
300 |aTexte français, 71p. : |c28 cm.
4901 |aDocument de discussion|v3
500 |a«Dans ce document, nous examinons la prise de décisions dans les entreprises au Canada en tentant de préciser les facteurs qui ont parfois donné lieu à une régie d'entreprise moins qu'optimale.»--Page 1.
504 |aBibliographie.
5203 |aDans ce document, nous examinons la prise de décisions dans les entreprises au Canada en tentant de préciser les facteurs qui ont parfois donné lieu à une régie d'entreprise moins qu'optimale.--Page 1
546 |aBilingue
563 |aCouverture souple
590 |a97-45|b1997-11-07
7201 |aMorck, Randall
7201 |aDaniels, Ronald J.
7760#|tCanadian corporate governance policy options |w(CaOODSP)9.571964
7760#|tLa régie des sociétés au Canada et les choix sur le plan des politiques |w(CaOODSP)9.602384
791 |tCanadian corporate governance policy options / |eeng|w(CaOODSP)9.527142
830#0|aDocument de discussion ;|v3|w(CaOODSP)9.509055